书目信息 |
| 题名: |
新能源技术
|
|
| 作者: | 翟秀静 , 刘奎仁 , 韩庆 编著 | |
| 分册: | ||
| 出版信息: | 北京 化学工业出版社 2010 |
|
| 页数: | 332页 | |
| 开本: | 26cm | |
| 丛书名: | ||
| 单 册: | ||
| 中图分类: | TK01 | |
| 科图分类: | ||
| 主题词: | 能源--新技术--高等学校--教材 , 能源 , 新技术 | |
| 电子资源: | ||
| ISBN: | 978-7-122-07567-3 | |
| 000 | 00946nam0 2200301 45 | |
| 001 | 1355396061 | |
| 005 | 20130513151022.64 | |
| 010 | @a978-7-122-07567-3@dCNY40.00 | |
| 100 | @a20130108d2009 em y0chiy0110 ea | |
| 101 | 0 | @achi |
| 102 | @aCN@b110000 | |
| 105 | @aa z 000yy | |
| 106 | @ar | |
| 200 | 1 | @a新能源技术@AXin Neng Yuan Ji Shu@f翟秀静,刘奎仁,韩庆编著@FZhai Xiu Jing, Liu Kui Ren, Han Qing Bian Zhu |
| 205 | @a2版 | |
| 210 | @a北京@c化学工业出版社@d2010 | |
| 215 | @a332页@c图@d26cm | |
| 300 | @a高等学校教材 | |
| 330 | @a本书总结了4年来在太阳能、氢能、核能、生物质能、化学能源、风能、海洋能和地热能等领域的新进展。 | |
| 606 | 0 | @a能源@x新技术@x高等学校@j教材 |
| 606 | 0 | @a能源 |
| 606 | 0 | @a新技术 |
| 690 | @aTK01@v5 | |
| 701 | 0 | @a翟秀静@AZhai Xiu Jing@4编著 |
| 701 | 0 | @a刘奎仁@ALiu Kui Ren@4编著 |
| 701 | 0 | @a韩庆@AHan Qing@4编著 |
| 801 | @aCN@bTANGWEI@c20130109 | |
| 905 | @b0830953-55@dTK01@e111=2@f3 | |
| 新能源技术/翟秀静,刘奎仁,韩庆编著.-2版.-北京:化学工业出版社,2010 |
| 332页:图;26cm |
| 高等学校教材 |
| ISBN 978-7-122-07567-3:CNY40.00 |
| 本书总结了4年来在太阳能、氢能、核能、生物质能、化学能源、风能、海洋能和地热能等领域的新进展。 |
| ● |
| 相关链接 |
|
|
|
|
正题名:新能源技术
索取号:TK01/111=2
 
预约/预借
| 序号 | 登录号 | 条形码 | 馆藏地/架位号 | 状态 | 备注 |
| 1 | 0830953 | 208309533 | 第二样本阅览室/ [索取号:TK01/111=2] | 在馆 | |
| 2 | 0830954 | 208309542 | 第三借阅区/ [索取号:TK01/111=2] | 在馆 | |
| 3 | 0830955 | 208309551 | 第三借阅区/ [索取号:TK01/111=2] | 在馆 |